Deutsche Koalitionsregierungen - Statistiken

Allgemein
  • Dieses Quiz wurde 150 mal gespielt
  • Das Durchschnittsergebnis liegt bei 25 aus 32
Antwortstatistiken
Hint Antwort % Korrekt
Ampel FDP
97%
Ampel Grüne
96%
Ampel SPD
96%
GroKo SPD
95%
GroKo Union
94%
Jamaika FDP
92%
Jamaika Grüne
91%
Jamaika Union
91%
Limette/Zitrus FDP
88%
Limette/Zitrus Grüne
86%
Kiwi Grüne
85%
Kenia Grüne
83%
Kenia SPD
83%
Kenia Union
83%
Tiger-Ente FDP
82%
Tiger-Ente Union
82%
Kiwi Union
81%
Deutschland SPD
78%
Deutschland Union
78%
Deutschland FDP
77%
Bahamas Union
70%
Ghana FDP
68%
Ghana SPD
68%
Bahamas FDP
67%
Ghana Grüne
67%
Brombeer Union
67%
Ghana Union
67%
Bahamas AfD
65%
Brombeer SPD
64%
Spezi/Basketball Union
61%
Brombeer Bündnis Sarah Wagenknecht
57%
Spezi/Basketball Freie Wähler
30%
Keine übereinstimmenden Quizze gefunden
Verteilung der Resultate
Anzahl Personen mit jedem Resultat
Perzentil nach korrekt beantworteten Fragen
Ihre Resultats-Entwicklung
Sie haben dieses Quiz noch nicht gespielt